Abandoned, confiscated, and stolen property: Jewish-Gentile relations in Hungary as reflected in restitution letters
| Titel: | Abandoned, confiscated, and stolen property: Jewish-Gentile relations in Hungary as reflected in restitution letters / Borbála Klacsmann |
|---|---|
| Verfasser: | |
| In: |
Holocaust studies, Band 23, Heft 1-2 (2017), Seite 133-148 alle Artikel anzeigen Jews and gentiles in Central and Eastern Europe during the Holocaust, Band 23, Heft 1-2 (2017), Seite 133-148 alle Artikel anzeigen |
| Veröffentlicht: | 2017 |
| Format: | Aufsatz |
| Sprache: | Englisch |
X
alg: 49376119
001A $03025:27-04-22
001B $01999:27-04-22 $t22:42:10.000
001D $03025:27-04-22
001U $0utf8
001X $00
002@ $0Oou
002C $aText $btxt $2rdacontent
002D $aComputermedien $bc $2rdamedia
002E $aOnline-Ressource $bcr $2rdacarrier
003@ $0493761195
007A $0493761195 $aHEB
009Q $uhttps://doi.org/10.1080/17504902.2016.1209836 $xH
010@ $aeng
010E $erda
011@ $a2017
021A $aAbandoned, confiscated, and stolen property: Jewish-Gentile relations in Hungary as reflected in restitution letters $hBorbála Klacsmann
028A $BVerfasser $4aut $8Klacsmann, Borbála$Z1984- [Tp1] $949376111X
031A $d23 $e1-2 $h133-148 $j2017
039B $aEnthalten in $8--Obvc--. Holocaust studies. - Abingdon {[u.a.] : Routledge, 2005-. - Online-Ressource. - ISSN 2048-4887 $x201700000230001867 $9303643609
039B $aEnthalten in $8--Aau--. Jews and gentiles in Central and Eastern Europe during the Holocaust. - London : Routledge, 2018. - ix, 230 Seiten. - 1 Illustration, 1 Diagramm. - ISBN 978-1-138-06132-3 $9419319042
044K $RÖsterreich-Ungarn $#Ungarn $#Ungarn $#Ungarische Räterepublik $#Königreich Ungarn $#Die @Länder der ungarischen Krone $#Transleithanien $#Magyarország $#Magyar Köztársaság $#Magyar Tanácsköztársaság $#Government of the Hungarian Republic $#Zemalja Ugarske Krune $#VNR $#Ungern $#Ungarische Republik $#Republik Ungarn $#Ungarische Volksrepublik $#Volksrepublik Ungarn $#Magyar Népköztársaság $#Hungary $#Hungarian Republic $#Hongrie $#Vengerskaja Narodnaja Respublika $#Hungarian People's Republic $#HPR Hungarian People's Republic $#République Populaire Hongroise $#Ungarische VR $#Republic of Hungary $#Vengrija $74078541-5 $8Ungarn [Tgz] $9085222712
044K $RJudentum $RIsraeliten $RStämme Israels $#Jude $74028808-0 $8Juden [Ts1] $9085075922
044K $RRelation $#Wechselbeziehung $#Beziehungen $74145198-3 $8Beziehung [Ts1] $9085577189
044K $#Nichtjuden $#Goi $#Goj $#Goy $74670965-4 $8Nichtjude [Ts1] $9103056467
044K $74322564-0 $8Restitution$gVölkerrecht [Ts1] $9086780794
045F $a909.04924094390904 $eDDC23BSB
045F/01 $a909.04924
045F/03 $f0904
045F/03 $g439
045R $aGeschichte 1945-2003
045T $a8 $a1
045T $aJUDAICA $qDE-30 $2FID
lok: 49376119 78
exp: 49376119 78 1 #EPN
201B/01 $027-04-22 $t11:00:56.000
201C/01 $027-04-22
201U/01 $0utf8
203@/01 $0119650556X
208@/01 $a27-04-22 $be
209A/01 $a/ $f000 $x00
209A/01 $ab*p $x01
209A/01 $aEnglische Zusammenfassung, Seite 133 $x03
209A/01 $aBehandelt die Orte Monor und Újpest $x04
220C/01 $apgar
244Z/01 $#Ungarn $#Ungarn $#Ungarische Räterepublik $#Königreich Ungarn $#Die @Länder der ungarischen Krone $#Transleithanien $#Magyarország $#Magyar Köztársaság $#Magyar Tanácsköztársaság $#Government of the Hungarian Republic $#Zemalja Ugarske Krune $#VNR $#Ungern $#Ungarische Republik $#Republik Ungarn $#Ungarische Volksrepublik $#Volksrepublik Ungarn $#Magyar Népköztársaság $#Hungary $#Hungarian Republic $#Hongrie $#Vengerskaja Narodnaja Respublika $#Hungarian People's Republic $#HPR Hungarian People's Republic $#République Populaire Hongroise $#Ungarische VR $#Republic of Hungary $#Vengrija $74078541-5 $8--Tgz--Ungarn $x01 $9085222712
244Z/01 $74612575-9 $8--Tg1--Monor $x02 $9094337756
244Z/01 $#Budapest, Bezirk 4 $74525144-7 $8--Tg1--Budapest-Újpest $x03 $9089336046
247C/01 $82080>Marburg/Lahn, Herder-Institut, Forschungsbibliothek, Bibliographieportal $9336309341
| LEADER | 00000caa a2200000 c 4500 | ||
|---|---|---|---|
| 001 | 493761195 | ||
| 003 | DE-603 | ||
| 005 | 20220427224210.0 | ||
| 007 | cr|||||||||||| | ||
| 008 | 220427s2017 xx |||| o| u00||u|eng c | ||
| 035 | |a (DE-599)HEB493761195 | ||
| 040 | |a DE-603 |b ger |c DE-603 |d DE-603 |e rda | ||
| 041 | |a eng | ||
| 082 | 0 | 4 | |8 1\u |a 909.04924094390904 |q DE-101 |2 23/BSB |
| 084 | |a 8 |a 1 |2 ssgn | ||
| 084 | |a JUDAICA |q DE-30 |2 fid | ||
| 085 | |8 1\u |b 909.04924 | ||
| 085 | |8 1\u |z 1 |s 0904 | ||
| 085 | |8 1\u |z 2 |s 439 | ||
| 100 | 1 | |a Klacsmann, Borbála |d 1984- |e Verfasser |4 aut |0 (DE-603)49376111X |0 (DE-588)125628842X |2 gnd | |
| 245 | 0 | 0 | |a Abandoned, confiscated, and stolen property: Jewish-Gentile relations in Hungary as reflected in restitution letters |c Borbála Klacsmann |
| 264 | 0 | |c 2017 | |
| 336 | |a Text |b txt |2 rdacontent | ||
| 337 | |a Computermedien |b c |2 rdamedia | ||
| 338 | |a Online-Ressource |b cr |2 rdacarrier | ||
| 648 | 7 | |a Geschichte 1945-2003 |2 gnd | |
| 650 | 7 | |a Juden |0 (DE-588)4028808-0 |0 (DE-603)085075922 |2 gnd | |
| 650 | 7 | |a Beziehung |0 (DE-588)4145198-3 |0 (DE-603)085577189 |2 gnd | |
| 650 | 7 | |a Nichtjude |0 (DE-588)4670965-4 |0 (DE-603)103056467 |2 gnd | |
| 650 | 7 | |a Restitution |g Völkerrecht |0 (DE-588)4322564-0 |0 (DE-603)086780794 |2 gnd | |
| 651 | 7 | |a Ungarn |0 (DE-588)4078541-5 |0 (DE-603)085222712 |2 gnd | |
| 773 | 0 | 8 | |i Enthalten in |t Holocaust studies |d Abingdon [u.a.] : Routledge, 2005- |h Online-Ressource |x 2048-4887 |g Band 23, Heft 1-2 (2017), Seite 133-148 |w (DE-603)303643609 |w (DE-600)2668830-X |
| 773 | 0 | 8 | |i Enthalten in |t Jews and gentiles in Central and Eastern Europe during the Holocaust |d London : Routledge, 2018 |h ix, 230 Seiten, 1 Illustration, 1 Diagramm |z 9781138061323 |g Band 23, Heft 1-2 (2017), Seite 133-148 |w (DE-603)419319042 |
| 856 | |u https://doi.org/10.1080/17504902.2016.1209836 |x Verlag | ||
| 924 | 1 | |9 2080 |a (DE-603)119650556X |b DE-2080 |c HES |d d |g / | |


